Jean-Jacques Rousseau Bibliography - Statistics

General Stats
  • This quiz has been taken 12 times
  • The average score is 3 of 21
Answer Stats
Type Year Name % Correct
Autobiography 1782 The Confessions of Jean-Jacques Rosseau
86%
Essay 1754 Discourse on the Origin and Basis of Inequality Among Men
29%
Essay 1750 Discourse on the Sciences and Arts
29%
Novel 1761 Julie, or the New Heloise
29%
Play 1752 The Village Soothsayer
29%
Essay 1772 Considerations on the Government of Poland
14%
Non-Fiction Book 1782 Dialogues: Rousseau, Judge of Jean-Jacques
14%
Essay 1755 Discourse on Political Economy
14%
Treatise 1762 Emile, or On Education
14%
Non-Fiction Book 1762 On the Social Contract; or, Principles of Political Rights
14%
Autobiography 1782 Reveries of a Solitary Walker
14%
Non-Fiction Book 1772 Constitutional Project for Corsica
0%
Essay 1736 Dissertation on Modern Music
0%
Essay 1781 Essay on the Origin of Languages
0%
Letter Collection 1764 Four Letters to M. de Malesherbes
0%
Letter Collection 1785 Letters on the Elements of Botany
0%
Letter Collection 1764 Letters Written from the Mountain
0%
Essay 1758 Letter to M. D'Alembert on Spectacles
0%
Play 1752 Narcissus; or, The Self-Admirer: A Comedy
0%
Play 1762 Pygmalion
0%
Essay 1762 The Creed of a Savoyard Priest
0%
No matching quizzes found
Score Distribution
Percent of People with Each Score
Percentile by Number Answered
Your Score History
You have not taken this quiz